000 00367nam a2200133 i 4500
001 bg
245 0 _aOchrona środowiska :
_brefleksje prawne, ekonomiczne i socjologiczne /
_cpod red. Leona Łustacza.
260 _aWrocław,
_c1979.
700 1 _aŁUSTACZ, Leon.
_eRed.
040 _cBPK
041 _apol
942 _cKS
008 s pl f |000 0 pol
999 _c19012
_d19012
856 _uhttp://koha.tu.koszalin.pl/cgi-bin/koha/opac-detail.pl?biblionumber=19012
_yKatalog online BPK